• 首页
  • 本馆介绍
  • 公告通知
  • 最新文献
  • 馆藏检索
  • 电子资源
  • 读者导购
  • 参考咨询
  • 我的图书馆
  • 登录
  • 详细信息显示
  • 放入我的书架
  • 预约/预借图书
  • 作者相关作品
  • 分类相关作品
  • 丛书相关作品
  • 出版社相关作品

书目信息

  • 表格格式
  • 工作单格式
  • 卡片格式
题名:
现代养猪实用技术
    
 
作者: 欧广志 , 黄玲玲 主编
分册:  
出版信息: 北京   中国农业科学技术出版社  2011
页数: 183页
开本: 21cm
丛书名:
单 册:
中图分类: S828
科图分类:
主题词: 养猪学--技术培训--教材
电子资源:
ISBN: 978-7-5116-0472-9
000 00891nam0 2200253 450
001 012015000400
005 20150914164021.81
010    @a978-7-5116-0472-9@dCNY18.00
100    @a20111115d2011 em y0chiy0110 ea
101 0  @achi
102    @aCN@b110000
105    @aa z 000yy
106    @ar
200 1  @a现代养猪实用技术@Axian dai yang zhu shi yong ji shu@f欧广志, 黄玲玲主编
210    @a北京@c中国农业科学技术出版社@d2011
215    @a183页@d21cm
300    @a新型农民科技人才培训教材
330    @a本书主要内容包括养猪业现状与发展前景、猪的品种介绍、猪的经济杂交、猪的营养需要与饲料安全利用、猪场建筑与设备、猪的饲养管理技术、猪的人工授精技术和猪病防治技术八部分。
606 0  @a养猪学@x技术培训@j教材
690    @aS828@v5
701  0 @a欧广志@Aou guang zhi@4主编
701  0 @a黄玲玲@Ahuang ling ling@4主编
801  0 @aCN@b碧洲教育@c20150716
905    @a10447@f4@dS828@e113
    
    现代养猪实用技术/欧广志, 黄玲玲主编.-北京:中国农业科学技术出版社,2011
    183页;21cm
    新型农民科技人才培训教材
    
    ISBN 978-7-5116-0472-9:CNY18.00
    本书主要内容包括养猪业现状与发展前景、猪的品种介绍、猪的经济杂交、猪的营养需要与饲料安全利用、猪场建筑与设备、猪的饲养管理技术、猪的人工授精技术和猪病防治技术八部分。
●
相关链接 在E读中查询图书 在五车中查询图书 在当当中查询图书 在豆瓣中查询图书


正题名:现代养猪实用技术     索取号:S828/113         预约/预借

序号 登录号 条形码 馆藏地/架位号 状态 备注
1 0849448   208494486   第二样本阅览室/ [索取号:S828/113] 在馆    
2 0849449   208494495   第三借阅区/ [索取号:S828/113] 在馆    
3 0849450   208494501   生命科学系资料室/ [索取号:S828/113] 在馆    
4 0849451   208494510   第三借阅区/ [索取号:S828/113] 在馆    
唐山师范学院图书馆 欢迎您!
大连网信软件有限公司© 版权所有